[Event "Peterborough 4NCL Easter U2000 op"]
[Site "Peterborough"]
[Date "2024.03.31"]
[Round "5"]
[White "Denning, Julie L"]
[Black "Krief, Tom"]
[Result "1-0"]
[WhiteElo "1757"]
[BlackElo "1713"]
[PlyCount "33"]
[EventDate "2024.03.29"]
[EventType "swiss"]
[EventRounds "7"]
[EventCountry "ENG"]
[SourceTitle "CB14_2024"]
[SourceDate "2024.04.01"]
[SourceVersion "1"]
[SourceVersionDate "2024.04.01"]
[SourceQuality "1"]

1. e4 d5 2. exd5 Qxd5 3. Nc3 Qa5 4. Nf3 Nf6 5. d4 Bg4 6. h3 Bf5 7. Bd2 c6 8. Ne4 Qc7 9. Nxf6+ exf6 10. Bc4 Be7 11. 0-0 0-0 12. Re1 Bd6 13. Nh4 Bg6 14. Nxg6 hxg6 15. Qg4 a5 16. Qxg6 b5 17. Bh6 1-0